| 000 | 01212nam a2200229Ia 4500 | ||
|---|---|---|---|
| 001 | L235-7384 | ||
| 003 | IT-CnALBA | ||
| 008 | 170116s9999||||xx |||||||||||||| ||und|| | ||
| 040 |
_aIT-CnALBA _cIT-CnALBA |
||
| 041 | _aITALIANO | ||
| 100 | _aAA. VV. | ||
| 245 | 0 | _aMATER MEA FIDUCIA MEA. | |
| 250 | _a17a ed. | ||
| 260 |
_aCINISELLO BALSAMO (MI) _bEDIZIONI PAOLINE _c1966 [1° Ed.:1957 - Ed.Ling.Originale: 1957] |
||
| 300 | _a222 p. (prefazione: 5) | ||
| 500 | _aSEMPLICITÀ DI VITA DI MARIA. IMMACOLATA. NASCITA. PRESENTAZIONE AL TEMPIO. ANNUNZIAZIONE. VISITAZIONE. BETLEMME. PASTORI MAGI. ADDOLORATA. VITA NASCOSTA. VIA CRUCIS. TESTAMENTO DI GESÙ. MARIA MADRE DELLA CHIESA. RESURREZIONE DI GESÙ. MARIA AL CENACOLO. PE | ||
| 501 | _aSocietà San Paolo EM - Piazza San Paolo, 14 - 12051 ALBA (CN) (non commercial uses only) ® Copyright 2017 | ||
| 520 | _aSEMPLICITÀ DI VITA DI MARIA. IMMACOLATA. NASCITA. PRESENTAZIONE AL TEMPIO. ANNUNZIAZIONE. VISITAZIONE. BETLEMME. PASTORI MAGI. ADDOLORATA. VITA NASCOSTA. VIA CRUCIS. TESTAMENTO DI GESÙ. MARIA MADRE DELLA CHIESA. RESURREZIONE DI GESÙ. MARIA AL CENACOLO. PE | ||
| 650 | _aMARIA SS. ANGELI SANTI DEMONI | ||
| 942 | _cBK | ||
| 957 | _71 | ||
| 999 |
_a8360 _bNO _g Copie: 1 _c266566 _d266566 |
||